Contabilidade pública / (Record no. 779)

MARC details
000 -LÍDER
Campo Fixo de Controle 00776nam a2200265 a 4500
001 - NÚMERO DE CONTROLE
Campo de Controle 779
003 - IDENTIFICAÇÃO DO NÚMERO DE CONTROLE
Campo de Controle BR-CuiBMT
005 - DATA E HORA DA ÚLTIMA ATUALIZAÇÃO
Campo de Controle 20231121230636.0
008 - DADOS FIXOS
Dados Fixos 231113s2009 spba 001 0 por d
020 ## - INTERNATIONAL STANDARD BOOK NUMBER
Nº do ISBN 9788522410446
040 ## - AGÊNCIA CATALOGADORA
Código da Agência Catalogadora BR-CuiBMT
Agência que transcreveu o registro BR-CuiBMT
080 ## - Nº DA CLASSIFICAÇÃO DECIMAL UNIVERSAL
Nº Class. CDU 657:336.13
Nº edição CDU 2007
090 ## - NÚMERO DE CHAMADA
Nº classificação 657:336.13
Cutter A582c
Ano/Edição 8. ed.
100 1# - ENTRADA PRINCIPAL -- AUTOR PESSOAL
Nome pessoal Angélico, João,
Datas associadas ao nome 1924-
245 10 - TÍTULO PRINCIPAL
Título principal Contabilidade pública /
Indicação de responsabilidade João Angélico.
250 ## - EDIÇÃO
Edição 8. ed.
260 ## - PUBLICAÇÃO, DISTRIBUIÇÃO, ETC.
Local de publicação São Paulo :
Editora Atlas,
Data 2009.
300 ## - DESCRIÇÃO FÍSICA
N. páginas ou volumes 271 p. :
Ilustrações il. ;
Dimensões 26 cm
504 ## - NOTA DE BIBLIOGRAFIA, ETC.
Nota de bibliografia Inclui bibliografia e índice.
650 ## - ASSUNTO TÓPICO
Cabeçalho tópico ou nome geográfico Contabilidade pública
Subdivisão geral Legislação
Subdivisão geográfica Brasil
650 ## - ASSUNTO TÓPICO
Cabeçalho tópico ou nome geográfico Orçamento público
Subdivisão geral Contabilidade
650 ## - ASSUNTO TÓPICO
Cabeçalho tópico ou nome geográfico Despesa pública
Subdivisão geográfica Brasil
650 ## - ASSUNTO TÓPICO
Cabeçalho tópico ou nome geográfico Receita pública
942 ## - ELEMENTOS DE ENTRADA ADICIONAIS (KOHA)
Fonte de classificação ou esquema de arquivamento Classificação Decimal Universal
Tipo de item do Koha Livros
Holdings
Estado: removido Estado: perdido Fonte de classificação ou esquema de arquivamento Estado: danificado Indisponível para empréstimo Localização permanente Localização atual Data de aquisição Total Checkouts Número de Chamada completo Código de barras Date last seen Número do exemplar Preço efetivo a partir de Tipo de item (Koha)
    Classificação Decimal Universal     Biblioteca da Escola Superior de Contas do TCE/MT Biblioteca da Escola Superior de Contas do TCE/MT 02/04/2013   657:336.13 A582c 8. ed. BIBTCEMT23110693 17/11/2023 Ex. 1 17/11/2023 Livros

Powered by Koha